| 000 | 01089cam a22002894a 4500 | ||
|---|---|---|---|
| 999 |
_c6948 _d6948 |
||
| 001 | 12257038 | ||
| 003 | GBCCL | ||
| 005 | 20241126110616.0 | ||
| 008 | 001214s2001 nyua 001 0 eng | ||
| 010 | _a 00069831 | ||
| 020 | _a0762103248 | ||
| 020 | _a1876689080 | ||
| 040 |
_aDLC _cDLC _dDLC |
||
| 042 | _apcc | ||
| 050 | 0 | 0 |
_aQR185.2 _b.S77 2001 |
| 082 | 0 | 0 |
_a616.079 _221 _bSTR |
| 245 | 0 | 0 |
_aStrengthen your immune system : _bboosting the body's own healing powers in the fight against disease. |
| 260 |
_aPleasantville, N.Y. : _bReader's Digest, _cc2001. |
||
| 300 |
_a317 p. : _bcol. ill. ; _c26 cm. |
||
| 500 | _aIncludes index. | ||
| 650 | 0 |
_aNatural immunity. _912375 |
|
| 650 | 0 |
_aHealth. _99214 |
|
| 710 | 2 |
_aReader's Digest Association. _96294 |
|
| 906 |
_a7 _bcbc _corignew _d1 _eocip _f20 _gy-gencatlg |
||
| 942 |
_2ddc _cREF |
||